1207 1067 1372 1191 1248 1675 1048 1524 1789 1235 1301 1176 1649 1444 1140 1225 1377 1299 1683 1117 1723 1053 1294 1929 1909 1313 1268 1335 1301 1410 1599 1788 1929 1726 1578 1542 1636 1073 1173 1011 1165 1292 1815 1350 1406 1556 1396 1981 1432 1936 1549 1311 1073 1114 1385 1329 1451 1984 1249 1380 1093 1660 1281 1814 1347 1722 1226 1081 1417 1547 1322 1352 1498 1037 1670 1402 1354 1252 1703 1348 1816 1947 1102 1342 1223 1321 1766 1318 1009 1009 1774 1442 1473 1763 1762 1225 1180 1619 1199 BCNSPRNW ULIB Ver.6.0+V

เปลี่ยนเป็นภาษาไทย

Change to English
 แสดงรายละเอียดบรรณานุกรม
  กลับหน้าหลัก

Brief Record : Get Marc (ISO 2709) : E-mail record : QR code < ปิดหน้าต่าง
LEADER : 00000nam 2200000uu 4500
001    13399128890
003     ULIB
008    241024s2023||||th 000 0 tha d
020    ^a9780323790185
060 04 ^aQZ4^bR632
245 00 ^aRobbins and Kumar basic pathology /^cedited by Vinay Kumar,Abul K. Abbas, Jon C. Aster, Andrea T. Deyrup, and AbhijitDas
246 1  ^aRobbins & Kumar basic pathology
246 30 ^aBasic pathology
250    ^aEleventh edition
260    ^aPhiladelphia, PA :^bElsevier,^c2023
300    ^aix, 828 p. :^bill. ;^c29 cm.
504    ^aIncludes bibliographical references and index
650  2 ^aPathology
700 1  ^aKumar, Vinay,^eeditor
700 1  ^aAbbas, Abul K.,^eeditor
700 1  ^aAster, Jon C.,^eeditor
700 1  ^aDeyrup, Andrea T.,^eeditor
700 1  ^aDas, Abhijit,^eeditor
945    ^p3094^l0^i011137
999    ^aประนอม เกษจรัล
รายการนี้ยังไม่มีแท็ก
คุณยังไม่ได้ล็อกอิน คุณสามารถมีกิจกรรมร่วมกับเว็บไซต์ได้ แต่ต้องล็อกอินก่อน ::
  ล็อกอิน

รายการสื่อสารสนเทศ

ลำดับที่ ประเภท เลขเรียก/บาร์โค้ด สถานที่ สถานะ
1. วิทยาศาสตร์การแพทย์ และสุขภาพ
หนังสือสำรอง
สถานะ=หนังสือสำรอง
QZ4 R632 ฉ.1 
  Barcode: 011137
ห้องสมุดวิทยาเขตสวรรค์ประชารักษ์
►หนังสือทั่วไป
บนชั้น

รายการใกล้เคียง
    หัวเรื่อง [Pathology]

BibComment


ยังไม่เคยถูกคอมเมนท์

คอมเมนท์ทรัพยากรรายการนี้
  คอมเมนท์: Robbins and Kuma..


 Copyright 2026. Bcnsprnw @Library